Les meilleurs défenseurs centraux de football du monde - Statistiques

Statistiques générales
  • Ce quiz a été pris 111 fois
  • Le résultat moyen est 15 sur 25
Statistiques - réponses
Rang Championnat Nationalité Joueur % Correct
2 Premier League Pays-Bas Virgil Van Dijk
97%
1 Liga Allemagne Antonio Rüdiger
95%
3 Premier League France William Saliba
92%
4 Premier League Portugal Ruben Dias
89%
12 Premier League France Ibrahima Konaté
83%
11 Ligue 1 Brésil Marquinhos
83%
5 Premier League Brésil Gabriel Magalhaes
76%
16 Bundesliga Corée du Sud Min-jae Kim
72%
9 Liga Brésil Eder Militao
70%
8 Liga Uruguay Ronald Araujo
70%
23 Liga Autriche David Alaba
67%
17 Premier League Croatie Josko Gvardiol
67%
7 Premier League Angleterre John Stones
65%
10 Premier League Suisse Manuel Akanji
64%
6 Serie A Italie Alessandro Bastoni
60%
21 Premier League Argentine Lisandro Martinez
53%
20 Premier League Pays-Bas Matthijs De Ligt
50%
13 Premier League Pays-Bas Nathan Aké
49%
15 Serie A Brésil Gleison Bremer
47%
19 Bundesliga Burkina Faso Edmond Tapsoba
44%
14 Premier League Argentine Cristian Romero
42%
25 Bundesliga Allemagne Jonathan Tah
41%
22 Premier League Italie Riccardo Calafiori
35%
18 Premier League Pays-Bas Micky Van de Ven
28%
24 Premier League Angleterre Jarrad Branthwaite
2%
Aucun quiz correspondant
Distribution des résultats
% des personnes avec chaque résultat
Percentile par nombre de réponses
Votre historique - résultats
Vous n’avez pas pris ce quiz